000 00514 a2200181 4500
000 BKB
001 137841
005 20200902153324.0
008
082 _a530.15
_bH39M
100 1 _aHenner, Victor
245 1 _aMathematical methods in physics with cd
_cby Victor Henner...[et.al.]
260 _aWellesley
_bA.K. Peter
_c2009
300 _a841p.
630 _aPhysics
690 _aMathematics; Mathematical physics
700 _aBelozerova, Tatyana
_b
_c
999 _c10756
_d10756